| LEADER | 00378cam a2200133 7i4500 | ||
|---|---|---|---|
| 001 | 0000008280 | ||
| 005 | 20001006090000.0 | ||
| 090 | 0 | 0 | |a AFRI 380.1 |b COM |
| 245 | 0 | 4 | |a The Commonwealth in action : |b Africa. |
| 260 | 0 | 0 | |a London: |b Commonwealth Secretariat, |c 1999. |
| 300 | # | # | |a 32 p. |
| 650 | 0 | 0 | |a Trade -- |z Africa |
| 651 | 0 | 0 | |a Africa |
| 999 | |a 0000011239 |b Book |c Regions |e Business Information Centre | ||